| 000 | 00374nam a2200133 4500 | ||
|---|---|---|---|
| 005 | 20260325190415.0 | ||
| 008 | 260325b |||||||| |||| 00| 0 eng d | ||
| 020 |
_a9781844778706 _qHBK |
||
| 041 | _aENG | ||
| 082 | _a641.813 SHE | ||
| 100 | _aAnne Sheasby | ||
| 245 | _a400 Best-Ever Soups: A Fabulous Collection of Delicious Soups from All Over the World | ||
| 942 | _cREF | ||
| 999 |
_c618094 _d618094 |
||